000 00327nam a22001457a 4500
008 250423b ||||| |||| 00| 0 eng d
020 _a9781478948223
041 _aeng
080 _22018
_a33GAD
082 _233GAD
_a33GAD
100 _a22
101 _aMATEMATIK
245 _aCOWGIRL POWER
_cGAY GADDIS
942 _2udc
_cBK
999 _c60695
_d60695